[Event "FIDE WCC Blitz Women 2019"]
[Site "Moscow"]
[Date "2019.12.29"]
[Round "8.21"]
[White "Buksa, Nataliya"]
[Black "Guseva, Marina"]
[Result "1-0"]
[WhiteElo "2356"]
[BlackElo "2245"]
[Annotator "NA"]
[PlyCount "93"]
[EventDate "2019.12.29"]
[EventType "swiss"]
[EventCountry "RUS"]
[SourceTitle "playchess.com"]
[Source "ChessBase"]
[SourceQuality "1"]

1. e4 c5 2. Nf3 d6 3. d4 cxd4 4. Nxd4 Nf6 5. Nc3 a6 6. Bd3 Nc6 7. Nde2 g6 8. O-O Bg7 9. Be3 O-O 10. h3 e5 11. a4 d5 12. exd5 Nxd5 13. Nxd5 Qxd5 14. Nc3 Qd8 15. Ne4 Be6 16. Nc5 Qe7 17. Nxe6 Qxe6 18. Qe2 Qe7 19. Bc4 Rac8 20. c3 Kh8 21. b4 Rfd8 22. Bb6 Re8 23. b5 Nb8 24. Rfd1 e4 25. Bd4 Bxd4 26. Rxd4 axb5 27. Bxb5 Red8 28. Rad1 Rxd4 29. cxd4 f5 30. d5 Qd6 31. f3 exf3 32. Qxf3 Na6 33. Bxa6 bxa6 34. Qd3 Kg7 35. Qd4+ Qf6 36. Qa7+ Kh6 37. d6 Rc6 38. Qe3+ f4 39. Qd2 Rc8 40. Rf1 g5 41. Rd1 Rd8 42. Qd5 Kh5 43. d7 Qb6+ 44. Kh1 Qe3 45. Qf7+ Kh4 46. Qxh7+ Kg3 47. Rd3 1-0

[Event "FIDE WCC Blitz Women 2019"]
[Site "Moscow"]
[Date "2019.12.29"]
[Round "8.22"]
[White "Pourkashiyan, Atousa"]
[Black "Gevorgyan, Maria"]
[Result "0-1"]
[WhiteElo "2327"]
[BlackElo "2244"]
[Annotator "NA"]
[PlyCount "126"]
[EventDate "2019.12.29"]
[EventType "swiss"]
[EventCountry "RUS"]
[SourceTitle "playchess.com"]
[Source "ChessBase"]
[SourceQuality "1"]

1. e4 c5 2. Nf3 Nc6 3. d4 cxd4 4. Nxd4 g6 5. c4 Nf6 6. Nc3 Nxd4 7. Qxd4 d6 8. Be3 Bg7 9. Be2 O-O 10. Qd2 a5 11. O-O a4 12. Rab1 Qa5 13. b4 axb3 14. axb3 Qb4 15. Rfc1 Ra3 16. Bd1 Bd7 17. f3 Rfa8 18. Bh6 Bc6 19. Bxg7 Kxg7 20. Kh1 Nd7 21. Qd4+ f6 22. Bc2 Nc5 23. Qe3 Nxb3 24. Nd5 Nxc1 25. Rxb4 Rxe3 26. Nxe3 Ne2 27. g3 Nd4 28. Bd1 Ra2 29. Kg1 Kf7 30. Rb1 Ba4 31. Bxa4 Rxa4 32. f4 Nf3+ 33. Kg2 Nd2 34. Rxb7 Nxe4 35. Rc7 Nc5 36. Nd5 Rxc4 37. Rxe7+ Kf8 38. Rxh7 Ne4 39. Ra7 f5 40. Rd7 Rc2+ 41. Kg1 Rd2 42. Nb6 Nf6 43. Ra7 d5 44. Na4 d4 45. Nc5 Ne4 46. Ne6+ Ke8 47. Rc7 d3 48. Ng7+ Kf8 49. Ne6+ Kg8 50. Rg7+ Kh8 51. Rxg6 Ra2 52. Ng5 d2 53. Rh6+ Kg7 54. Rh7+ Kg6 55. Rd7 Ra1+ 56. Kg2 d1=Q 57. Rxd1 Rxd1 58. Nxe4 fxe4 59. Kf2 Kf5 60. h3 Rd2+ 61. Ke3 Rd3+ 62. Kf2 Ke6 63. Ke2 Rxg3 0-1

[Event "FIDE WCC Blitz Women 2019"]
[Site "Moscow"]
[Date "2019.12.29"]
[Round "8.23"]
[White "Styazhkina, Anna"]
[Black "Heinemann, Josefine"]
[Result "1-0"]
[WhiteElo "2159"]
[BlackElo "2325"]
[Annotator "NA"]
[PlyCount "91"]
[EventDate "2019.12.29"]
[EventType "swiss"]
[EventCountry "RUS"]
[SourceTitle "playchess.com"]
[Source "ChessBase"]
[SourceQuality "1"]

1. e4 c5 2. Nf3 d6 3. d4 cxd4 4. Qxd4 Nc6 5. Bb5 a6 6. Bxc6+ bxc6 7. c4 e5 8. Qd3 Be7 9. Nc3 Nf6 10. h3 Qc7 11. Be3 O-O 12. O-O h6 13. Rfd1 Be6 14. Rac1 a5 15. Na4 Rab8 16. b3 Nh5 17. Qe2 Nf4 18. Bxf4 exf4 19. Nd4 Bf6 20. Nc3 Be5 21. Nd5 cxd5 22. cxd5 Qb6 23. Rc6 Qa7 24. Ra6 Qd7 25. dxe6 fxe6 26. Nc6 f3 27. gxf3 Qf7 28. Nxb8 Qg6+ 29. Kf1 Rxb8 30. Qc4 Kh7 31. Ke2 Rf8 32. Rd3 Rf6 33. Ra8 Qh5 34. Qc8 Qxh3 35. Qh8+ Kg6 36. Qe8+ Kh7 37. Qg8+ Kg6 38. Qe8+ Kh7 39. Qg8+ Kg6 40. Ra7 Rf4 41. Qe8+ Kh7 42. Ra8 Rf6 43. Qh8+ Kg6 44. Ra7 Rf4 45. Re7 h5 46. Qe8+ 1-0

[Event "FIDE WCC Blitz Women 2019"]
[Site "Moscow"]
[Date "2019.12.29"]
[Round "8.24"]
[White "Assaubayeva, Bibisara"]
[Black "Diakonova, Ekaterina"]
[Result "0-1"]
[WhiteElo "2323"]
[BlackElo "2090"]
[Annotator "NA"]
[PlyCount "76"]
[EventDate "2019.12.29"]
[EventType "swiss"]
[EventCountry "RUS"]
[SourceTitle "playchess.com"]
[Source "ChessBase"]
[SourceQuality "1"]

1. d4 Nf6 2. c4 c5 3. d5 b5 4. cxb5 a6 5. bxa6 g6 6. Nc3 Bg7 7. Nf3 O-O 8. e4 Qa5 9. Bd2 d6 10. h3 Bxa6 11. Bxa6 Nxa6 12. O-O Qb4 13. Qc2 Rfb8 14. Rab1 Qb7 15. a3 Qb3 16. Qxb3 Rxb3 17. e5 Nd7 18. exd6 exd6 19. Ne4 Rxb2 20. Nxd6 Nc7 21. Rxb2 Bxb2 22. Nc4 Bxa3 23. d6 Nb5 24. Ra1 Ra7 25. Rb1 Nd4 26. Nfe5 Nxe5 27. Nxe5 f6 28. Nc4 Kf7 29. Ra1 Nb5 30. Rb1 Nd4 31. Nb6 Nc6 32. Re1 Bb4 33. Bf4 Bxe1 34. d7 Nd8 35. Bd6 c4 36. Bc5 Rc7 37. Bd4 c3 38. Kf1 c2 0-1

[Event "FIDE WCC Blitz Women 2019"]
[Site "Moscow"]
[Date "2019.12.29"]
[Round "8.25"]
[White "Shuvalova, Polina"]
[Black "Nazarova, Anastasia"]
[Result "1-0"]
[WhiteElo "2302"]
[BlackElo "2049"]
[Annotator "TA"]
[PlyCount "71"]
[EventDate "2019.12.29"]
[EventType "swiss"]
[EventCountry "RUS"]
[SourceTitle "playchess.com"]
[Source "ChessBase"]
[SourceQuality "1"]

1. e4 c5 2. Nf3 Nc6 3. Bb5 g6 4. O-O Bg7 5. Nc3 e5 6. d3 Nge7 7. a3 O-O 8. b4 d6 9. Be3 Nd4 10. h3 Be6 11. Bc4 b6 12. bxc5 dxc5 13. Bxe6 Nxe6 14. a4 Rb8 15. Nd2 f5 16. f3 f4 17. Bf2 g5 18. a5 b5 19. a6 Nd4 20. Nb3 Qd6 21. Qb1 c4 22. Nxd4 exd4 23. Nxb5 Qc5 24. dxc4 Qxc4 25. Nd6 Qc6 26. Qa2+ Kh8 27. Nf7+ Rxf7 28. Qxf7 Ng6 29. Rab1 Rd8 30. Rb7 Qf6 31. Qxf6 Bxf6 32. Rd1 Be5 33. Rxa7 Nf8 34. Re7 Bf6 35. Rf7 Be5 36. a7 1-0

[Event "FIDE WCC Blitz Women 2019"]
[Site "Moscow"]
[Date "2019.12.29"]
[Round "8.26"]
[White "Mammadova, Gulnar"]
[Black "Fominykh, Maria"]
[Result "1-0"]
[WhiteElo "2293"]
[BlackElo "2055"]
[Annotator "NA"]
[PlyCount "81"]
[EventDate "2019.12.29"]
[EventType "swiss"]
[EventCountry "RUS"]
[SourceTitle "playchess.com"]
[Source "ChessBase"]
[SourceQuality "1"]

1. e4 d6 2. d4 Nf6 3. Nc3 Nbd7 4. Nf3 e5 5. Bc4 Be7 6. a4 O-O 7. O-O c6 8. Ba2 b6 9. h3 Bb7 10. Re1 a6 11. Qd3 b5 12. axb5 axb5 13. b4 Qc7 14. Bb2 Nh5 15. Ne2 exd4 16. Nfxd4 Ne5 17. Qc3 Nf6 18. Ng3 Rfc8 19. f4 Ng6 20. Rf1 Bf8 21. Ndf5 d5 22. e5 Nd7 23. Kh1 Nb6 24. Nd6 Na4 25. Qd4 Rd8 26. Nxb7 Qxb7 27. f5 Ne7 28. Bc1 Qb6 29. Qg4 Nc3 30. Bg5 Rxa2 31. Rxa2 Nxa2 32. Bxe7 Bxe7 33. f6 Bf8 34. fxg7 Bxg7 35. Nf5 Kf8 36. Qxg7+ Ke8 37. Nd6+ Rxd6 38. Qg8+ Kd7 39. Qxf7+ Kc8 40. exd6 Qe3 41. Qc7# 1-0

[Event "FIDE WCC Blitz Women 2019"]
[Site "Moscow"]
[Date "2019.12.29"]
[Round "8.27"]
[White "Fataliyeva, Ulviyya"]
[Black "Kulon, Klaudia"]
[Result "1-0"]
[WhiteElo "2108"]
[BlackElo "2457"]
[Annotator "TA"]
[PlyCount "65"]
[EventDate "2019.12.29"]
[EventType "swiss"]
[EventCountry "RUS"]
[SourceTitle "playchess.com"]
[Source "ChessBase"]
[SourceQuality "1"]

1. Nf3 Nf6 2. b3 g6 3. Bb2 Bg7 4. g3 O-O 5. Bg2 d6 6. O-O e5 7. c4 c5 8. e3 Nc6 9. Qe2 h6 10. Nc3 Re8 11. Rad1 Bd7 12. d3 Qc8 13. Ne1 Bh3 14. Qd2 Bxg2 15. Kxg2 Qd7 16. f4 exf4 17. Rxf4 h5 18. Kg1 Ng4 19. Ng2 Bh6 20. Nd5 Ne7 21. Qc3 f5 22. Qh8+ Kf7 23. Qh7+ Ke6 24. Rxg4 fxg4 25. Ngf4+ Bxf4 26. Nxf4+ Kf5 27. Qh6 Qc6 28. e4+ Qxe4 29. dxe4+ Kxe4 30. Qg5 Nf5 31. Qxg6 Rf8 32. Qe6+ Kf3 33. Qe2# 1-0

[Event "FIDE WCC Blitz Women 2019"]
[Site "Moscow"]
[Date "2019.12.29"]
[Round "8.28"]
[White "Khademalsharieh, Sarasadat"]
[Black "Munkhzul, Turmunkh"]
[Result "1/2-1/2"]
[WhiteElo "2463"]
[BlackElo "2139"]
[Annotator "ChessBase"]
[PlyCount "116"]
[EventDate "2019.12.29"]
[EventType "swiss"]
[EventCountry "RUS"]
[SourceTitle "playchess.com"]
[Source "ChessBase"]
[SourceQuality "1"]

1. d4 Nf6 2. Nf3 e6 3. e3 b6 4. Bd3 Bb7 5. O-O d5 6. Nbd2 Bd6 7. Qe2 O-O 8. e4 dxe4 9. Nxe4 Be7 10. Rd1 Nbd7 11. c3 Nxe4 12. Bxe4 Bxe4 13. Qxe4 Nf6 14. Qe2 Qd5 15. Bf4 c6 16. Ne5 Rac8 17. c4 Qe4 18. Be3 c5 19. f3 Qb7 20. dxc5 Bxc5 21. Bxc5 Rxc5 22. b4 Rcc8 23. Rd4 Rfd8 24. Rxd8+ Rxd8 25. c5 Qd5 26. Qe3 bxc5 27. bxc5 Nd7 28. Nxd7 Rxd7 29. Rc1 Rc7 30. Qb3 Qd4+ 31. Kh1 Qd8 32. h3 h6 33. c6 Qd6 34. Qb8+ Kh7 35. Qb1+ f5 36. Qc2 Qd5 37. a4 a5 38. Qc5 Qxc5 39. Rxc5 Kg6 40. Kg1 Kf6 41. Kf2 e5 42. Ke3 Ke6 43. f4 exf4+ 44. Kxf4 g6 45. h4 Kd6 46. Rxa5 Rxc6 47. h5 Rc4+ 48. Ke3 gxh5 49. Rxf5 Rxa4 50. Rxh5 Rg4 51. Rxh6+ Ke5 52. Kf3 Ra4 53. g4 Ra3+ 54. Kf2 Kf4 55. Rg6 Rf3+ 56. Ke2 Rg3 57. Rg8 Rxg4 58. Rxg4+ Kxg4 1/2-1/2

[Event "FIDE WCC Blitz Women 2019"]
[Site "Moscow"]
[Date "2019.12.29"]
[Round "8.29"]
[White "Ushenina, Anna"]
[Black "Khomeriki, Nino"]
[Result "1/2-1/2"]
[WhiteElo "2424"]
[BlackElo "2177"]
[Annotator "TA"]
[PlyCount "77"]
[EventDate "2019.12.29"]
[EventType "swiss"]
[EventCountry "RUS"]
[SourceTitle "playchess.com"]
[Source "ChessBase"]
[SourceQuality "1"]

1. d4 Nf6 2. Nf3 d5 3. c4 e6 4. g3 Bb4+ 5. Bd2 Bd6 6. Nc3 O-O 7. Bg5 Be7 8. Bg2 c6 9. O-O Nbd7 10. Qc2 dxc4 11. a4 Nd5 12. Bxe7 Qxe7 13. Nd2 Nxc3 14. bxc3 e5 15. Nxc4 exd4 16. cxd4 Re8 17. e3 Nf6 18. a5 g6 19. a6 Bf5 20. Qb2 Rab8 21. axb7 Rxb7 22. Qa3 Be4 23. Nd6 Bxg2 24. Kxg2 Nd5 25. Nxb7 Qxb7 26. Qxa7 Qb3 27. Qa3 Qc2 28. Kg1 Qf5 29. Qd6 Nf6 30. Qxc6 Kg7 31. Ra7 h5 32. Qg2 h4 33. gxh4 Re4 34. Kh1 Rxh4 35. Rc1 Ng4 36. Kg1 Rxh2 37. Qg3 Rxf2 38. Ra5 Qxa5 39. Qxg4 1/2-1/2

[Event "FIDE WCC Blitz Women 2019"]
[Site "Moscow"]
[Date "2019.12.29"]
[Round "8.30"]
[White "Galliamova, Alisa"]
[Black "Shumilina, Alexandra"]
[Result "1-0"]
[WhiteElo "2415"]
[BlackElo "2139"]
[Annotator "TA"]
[PlyCount "104"]
[EventDate "2019.12.29"]
[EventType "swiss"]
[EventCountry "RUS"]
[SourceTitle "playchess.com"]
[Source "ChessBase"]
[SourceQuality "1"]

1. d4 d5 2. c4 c6 3. Nc3 Nf6 4. e3 a6 5. Nf3 b5 6. b3 Bg4 7. Be2 e6 8. O-O Nbd7 9. Bb2 Qb8 10. Rb1 Bd6 11. h3 Bh5 12. Ba1 O-O 13. Nd2 Bxe2 14. Qxe2 Bb4 15. e4 Bxc3 16. Bxc3 dxe4 17. Nxe4 Qf4 18. Ng3 Rfe8 19. Rbd1 Rad8 20. Rd3 bxc4 21. bxc4 c5 22. Rfd1 Qc7 23. dxc5 Nxc5 24. Rxd8 Rxd8 25. Bxf6 gxf6 26. Rxd8+ Qxd8 27. Qg4+ Kf8 28. Qh4 Ke7 29. Nh5 Qd1+ 30. Kh2 Qa1 31. a3 Qe5+ 32. Ng3 Nd3 33. Qxh7 Nxf2 34. Qc2 Qf4 35. c5 Nh1 36. Kxh1 Qxg3 37. c6 Qe1+ 38. Kh2 Qe5+ 39. g3 Qc7 40. Qc5+ Ke8 41. h4 f5 42. Kg2 f4 43. g4 e5 44. Kf3 f6 45. Ke4 Kf7 46. h5 Kg7 47. Qd5 Qb6 48. Qd7+ Kh6 49. Kf5 f3 50. Qd2+ Kh7 51. Qd7+ Kh6 52. Kxf6 Qd8+ 1-0

[Event "FIDE WCC Blitz Women 2019"]
[Site "Moscow"]
[Date "2019.12.29"]
[Round "8.31"]
[White "Bulatova, Kamaliya"]
[Black "Krush, Irina"]
[Result "0-1"]
[WhiteElo "2038"]
[BlackElo "2371"]
[Annotator "TA"]
[PlyCount "34"]
[EventDate "2019.12.29"]
[EventType "swiss"]
[EventCountry "RUS"]
[SourceTitle "playchess.com"]
[Source "ChessBase"]
[SourceQuality "1"]

1. e4 c5 2. Nf3 d6 3. d4 cxd4 4. Nxd4 Nf6 5. Nc3 Nc6 6. Bg5 g6 7. Nxc6 bxc6 8. Qd2 Bg7 9. f3 O-O 10. Bh6 Bxh6 11. Qxh6 Qb6 12. Rb1 d5 13. e5 Nd7 14. Qf4 Qc7 15. Be2 Qxe5 16. Qxe5 Nxe5 17. O-O Rd8 0-1

[Event "FIDE WCC Blitz Women 2019"]
[Site "Moscow"]
[Date "2019.12.29"]
[Round "8.32"]
[White "Yakimova, Mariya"]
[Black "Nomin-Erdene, Davaademberel"]
[Result "0-1"]
[WhiteElo "2128"]
[BlackElo "2298"]
[Annotator "NA"]
[PlyCount "166"]
[EventDate "2019.12.29"]
[EventType "swiss"]
[EventCountry "RUS"]
[SourceTitle "playchess.com"]
[Source "ChessBase"]
[SourceQuality "1"]

1. d4 f5 2. c4 Nf6 3. Nf3 g6 4. g3 Bg7 5. Bg2 O-O 6. O-O d6 7. Nc3 c6 8. Qc2 Na6 9. a3 Rb8 10. e4 fxe4 11. Nxe4 Bf5 12. Nxf6+ exf6 13. Qc3 Be4 14. Bf4 f5 15. Qd2 Qd7 16. Rfe1 Rbe8 17. Ng5 Bxg2 18. Kxg2 h6 19. Nh3 g5 20. Be3 Qf7 21. d5 c5 22. f4 g4 23. Nf2 Nb8 24. Qc2 Nd7 25. Rad1 Re7 26. Bd2 Rfe8 27. Rxe7 Rxe7 28. Re1 Rxe1 29. Bxe1 b5 30. b3 Qf6 31. cxb5 Nb6 32. Qd3 Qf7 33. a4 Nxd5 34. a5 Qb7 35. Kg1 Qf7 36. Bd2 Bd4 37. Qc4 Kg7 38. Kf1 Qe6 39. b6 axb6 40. axb6 Ne3+ 41. Bxe3 Qxe3 42. Qc2 Qf3 43. Ke1 Kf6 44. Nd3 Qh1+ 45. Kd2 Qxh2+ 46. Kc1 Qh1+ 47. Qd1 Qb7 48. Qe2 Qxb6 49. Qh2 Kg6 50. Qc2 Qc6 51. Kb1 Qh1+ 52. Nc1 Qf3 53. Qc4 Kf6 54. Qg8 Qe4+ 55. Ka2 Qc2+ 56. Ka3 Qxc1+ 57. Ka4 Qa1+ 58. Kb5 Qa7 59. Qf8+ Ke6 60. Qxh6+ Bf6 61. Qf8 Qb7+ 62. Kc4 Qb4+ 63. Kd3 Qxb3+ 64. Ke2 Qf3+ 65. Kd2 Bc3+ 66. Kc2 Bf6 67. Qe8+ Be7 68. Qg6+ Bf6 69. Qe8+ Kd5 70. Qf7+ Kc6 71. Qxf6 Qe4+ 72. Kb3 Qd3+ 73. Ka2 Qc4+ 74. Kb1 Qd3+ 75. Kc1 c4 76. Kb2 c3+ 77. Qxc3+ Qxc3+ 78. Kxc3 Kc5 79. Kd3 Kd5 80. Ke3 Kc4 81. Kd2 Kd4 82. Ke2 Kc3 83. Ke3 d5 0-1

[Event "FIDE WCC Blitz Women 2019"]
[Site "Moscow"]
[Date "2019.12.29"]
[Round "8.33"]
[White "Borisova, Ekaterina"]
[Black "Mamedjarova, Turkan"]
[Result "0-1"]
[WhiteElo "2029"]
[BlackElo "2273"]
[Annotator "NA"]
[PlyCount "98"]
[EventDate "2019.12.29"]
[EventType "swiss"]
[EventCountry "RUS"]
[SourceTitle "playchess.com"]
[Source "ChessBase"]
[SourceQuality "1"]

1. d4 d5 2. Nf3 Nf6 3. c4 e6 4. g3 c6 5. Bg2 Bd6 6. O-O O-O 7. Nfd2 Nbd7 8. Nc3 Qe7 9. e4 dxe4 10. Ndxe4 Nxe4 11. Nxe4 Bc7 12. Re1 h6 13. Be3 Rd8 14. Qc2 Nf6 15. Nc3 Qf8 16. Rad1 Ba5 17. a3 Bc7 18. b4 a5 19. b5 Bd7 20. a4 Rac8 21. c5 e5 22. b6 Bb8 23. h3 Be6 24. Rd2 Rd7 25. Red1 Rcd8 26. Qb2 Qe7 27. Kh1 Bf5 28. Kh2 Qe6 29. Qc1 h5 30. Qb2 h4 31. g4 exd4+ 32. Kh1 dxe3 33. Rxd7 Rxd7 34. Rxd7 Qxd7 35. gxf5 Be5 36. Qc2 Qd4 37. Ne2 Qa1+ 38. Ng1 exf2 39. Qxf2 Bd4 40. Qf1 Qc3 41. Nf3 Nh5 42. Qd1 Ng3+ 43. Kh2 Bf6 44. Qb1 Qxc5 45. Qd3 Nxf5 46. Ne1 Be5+ 47. Kh1 Ng3+ 48. Kh2 Ne2+ 49. Kh1 Qg1# 0-1

[Event "FIDE WCC Blitz Women 2019"]
[Site "Moscow"]
[Date "2019.12.29"]
[Round "8.34"]
[White "Injac, Teodora"]
[Black "Tsogzolmaa, Nanjid"]
[Result "0-1"]
[WhiteElo "2236"]
[BlackElo "1775"]
[Annotator "NA"]
[PlyCount "113"]
[EventDate "2019.12.29"]
[EventType "swiss"]
[EventCountry "RUS"]
[SourceTitle "playchess.com"]
[Source "ChessBase"]
[SourceQuality "1"]

1. d4 Nf6 2. Nf3 e6 3. e3 d5 4. Bd3 Be7 5. O-O O-O 6. b3 c5 7. c4 b6 8. cxd5 exd5 9. Bb2 Bg4 10. Be2 Nc6 11. Nbd2 cxd4 12. Nxd4 Nxd4 13. Bxd4 Bxe2 14. Qxe2 Rc8 15. Rac1 Qd7 16. Qd3 Rfd8 17. h3 Qe6 18. Qa6 Qd7 19. Nf3 Ra8 20. Ne5 Qe6 21. Nc6 Re8 22. Nxe7+ Qxe7 23. Rc6 Ne4 24. Rfc1 h6 25. Rc7 Qh4 26. Qe2 Re7 27. Rxe7 Qxe7 28. Qg4 Nf6 29. Rc8+ Rxc8 30. Qxc8+ Kh7 31. Qf5+ Kg8 32. Bxf6 gxf6 33. Qxd5 Qa3 34. Qd2 Kg7 35. g3 a5 36. Kg2 Qc5 37. Qd4 Qc6+ 38. e4 Kg6 39. Qd5 Qc2 40. Qd4 b5 41. Qd5 Qxa2 42. Qxb5 Qd2 43. Qd5 Qc3 44. Qf5+ Kg7 45. Qd5 Kg6 46. h4 h5 47. Qf5+ Kh6 48. Kh3 Qxb3 49. Qxf6+ Kh7 50. Qf5+ Kg7 51. Qg5+ Kf8 52. Qxa5 Qf3 53. Qa8+ Kg7 54. Qa1+ Kg6 55. Qg1 Qxe4 56. Qg2 Qg4+ 57. Kh2 0-1

[Event "FIDE WCC Blitz Women 2019"]
[Site "Moscow"]
[Date "2019.12.29"]
[Round "8.35"]
[White "Dordzhieva, Dinara"]
[Black "Antova, Gabriela"]
[Result "1-0"]
[WhiteElo "2222"]
[BlackElo "1965"]
[Annotator "NA"]
[PlyCount "145"]
[EventDate "2019.12.29"]
[EventType "swiss"]
[EventCountry "RUS"]
[SourceTitle "playchess.com"]
[Source "ChessBase"]
[SourceQuality "1"]

1. Nf3 d5 2. d4 Nf6 3. c4 dxc4 4. e3 Bg4 5. Bxc4 e6 6. h3 Bh5 7. O-O Nc6 8. Be2 Bd6 9. Nc3 O-O 10. e4 Bxf3 11. Bxf3 e5 12. d5 Nd4 13. Be3 Nxf3+ 14. Qxf3 a6 15. Rac1 Qe7 16. Rc2 Rac8 17. Na4 Nd7 18. Rfc1 b5 19. Nc5 Nxc5 20. Bxc5 Qd7 21. Qa3 Bxc5 22. Rxc5 f5 23. exf5 Qxf5 24. Qe3 Qf7 25. d6 Rfd8 26. dxc7 Rd7 27. Qxe5 h6 28. a3 Qf8 29. Qe6+ Qf7 30. Qxf7+ Kxf7 31. Rc6 a5 32. R6c5 b4 33. axb4 axb4 34. R5c4 Ke7 35. Rxb4 Rdxc7 36. Rxc7+ Rxc7 37. Kh2 Rc2 38. Kg3 Kf6 39. f3 Rd2 40. Rb6+ Kf5 41. b4 Rb2 42. Rb7 g5 43. b5 h5 44. b6 h4+ 45. Kh2 Rb1 46. Rb8 Kf6 47. Rh8 Kg7 48. Rb8 Rb2 49. Kg1 Kf7 50. Kf1 Kg7 51. b7 Kh7 52. Ke1 Kg7 53. Kd1 Kh7 54. Kc1 Rb6 55. Kc2 Kg7 56. Kc3 Rc6+ 57. Kd4 Rb6 58. Kd5 Rb1 59. Ke5 Rb5+ 60. Ke4 Kh7 61. Kd4 Kg7 62. Kc4 Rb1 63. Kc5 Kh7 64. Kc6 Rc1+ 65. Kd6 Rb1 66. Ke6 Kg7 67. Kf5 Rb5+ 68. Kg4 Kh7 69. Kh5 Kg7 70. Rd8 Rxb7 71. Rd5 Rb2 72. Rxg5+ Kf6 73. Rg4 1-0

[Event "FIDE WCC Blitz Women 2019"]
[Site "Moscow"]
[Date "2019.12.29"]
[Round "8.36"]
[White "Ovezdurdiyeva, Jemal"]
[Black "Solozhenkina, Elizaveta"]
[Result "0-1"]
[WhiteElo "1877"]
[BlackElo "2214"]
[Annotator "NA"]
[PlyCount "46"]
[EventDate "2019.12.29"]
[EventType "swiss"]
[EventCountry "RUS"]
[SourceTitle "playchess.com"]
[Source "ChessBase"]
[SourceQuality "1"]

1. d4 Nf6 2. c4 e6 3. Nc3 Bb4 4. e3 O-O 5. Nge2 c6 6. a3 Ba5 7. b4 Bc7 8. Ng3 d5 9. c5 e5 10. Be2 Re8 11. O-O Nbd7 12. b5 Nf8 13. Rb1 Ng6 14. Qb3 Bg4 15. b6 axb6 16. cxb6 Bd6 17. a4 exd4 18. f3 dxc3 19. fxg4 Bxg3 20. hxg3 Ne4 21. Rf3 Ne5 22. Rf4 Nxg3 23. Bf1 Qh4 0-1

[Event "FIDE WCC Blitz Women 2019"]
[Site "Moscow"]
[Date "2019.12.29"]
[Round "8.37"]
[White "Mamedjarova, Zeinab"]
[Black "Protopopova, Anastasiya"]
[Result "0-1"]
[WhiteElo "2325"]
[BlackElo "2084"]
[Annotator "TA"]
[PlyCount "112"]
[EventDate "2019.12.29"]
[EventType "swiss"]
[EventCountry "RUS"]
[SourceTitle "playchess.com"]
[Source "ChessBase"]
[SourceQuality "1"]

1. d4 d5 2. Nf3 Nf6 3. e3 Bf5 4. Bd3 Bxd3 5. Qxd3 e6 6. O-O c6 7. Nbd2 Be7 8. e4 dxe4 9. Nxe4 Nbd7 10. Bf4 Nxe4 11. Qxe4 Nf6 12. Qe2 O-O 13. Rad1 h6 14. Ne5 Qb6 15. c3 Rad8 16. Rd3 c5 17. Rg3 Kh8 18. Be3 cxd4 19. Bxd4 Bc5 20. Nc4 Qc7 21. Bxf6 gxf6 22. Qg4 Rg8 23. Qh4 Rxg3 24. Qxh6+ Kg8 25. hxg3 Qxg3 26. Qxf6 Rd5 27. Qh6 Rg5 28. Qh2 Qd3 29. Ne5 Qd6 30. Nf3 Qxh2+ 31. Kxh2 Rd5 32. Re1 Bxf2 33. Re5 Rd1 34. g4 Bb6 35. a4 Bc7 36. Kh3 Rd3 37. Rc5 Rxf3+ 38. Kg2 Rg3+ 39. Kf2 Bb6 40. Kxg3 Bxc5 41. b4 Bb6 42. Kf4 Kf8 43. Ke5 Ke7 44. c4 a5 45. b5 Bc5 46. g5 b6 47. Ke4 Kd6 48. Kf4 Bb4 49. Kg4 Kc5 50. Kh5 Bd2 51. g6 fxg6+ 52. Kxg6 e5 53. Kf5 Bc3 54. Ke4 Bd4 55. Kd3 Kb4 56. Kc2 Kxc4 0-1

[Event "FIDE WCC Blitz Women 2019"]
[Site "Moscow"]
[Date "2019.12.29"]
[Round "8.38"]
[White "Enkhtuul, Altan-Ulzii"]
[Black "Nebolsina, Vera"]
[Result "1/2-1/2"]
[WhiteElo "2149"]
[BlackElo "2252"]
[Annotator "NA"]
[PlyCount "125"]
[EventDate "2019.12.29"]
[EventType "swiss"]
[EventCountry "RUS"]
[SourceTitle "playchess.com"]
[Source "ChessBase"]
[SourceQuality "1"]

1. d4 Nf6 2. Nf3 g6 3. Bf4 Bg7 4. e3 d6 5. c3 b6 6. Be2 Bb7 7. h3 Nbd7 8. O-O O-O 9. a4 a6 10. Na3 Re8 11. Nc4 Ne4 12. Bh2 e5 13. dxe5 dxe5 14. Qc2 Nec5 15. b4 Be4 16. Qd1 Nb7 17. Nfd2 Bf5 18. e4 Be6 19. Qc2 f5 20. exf5 gxf5 21. Rad1 Qg5 22. Nf3 Qh6 23. Ncxe5 Nxe5 24. Nxe5 f4 25. Ng4 Qg5 26. Qc1 Rf8 27. Bf3 Rab8 28. Rfe1 Bb3 29. Rd7 Nd6 30. Ree7 Rf7 31. Rxf7 Nxf7 32. Bxf4 Qf5 33. Bh6 Qxd7 34. Bxg7 Kxg7 35. c4 Qd3 36. Qf4 Qd6 37. Qe3 Bxa4 38. Qc3+ Kf8 39. c5 bxc5 40. Ne3 cxb4 41. Qb2 Qe5 42. Qa2 Bd7 43. Nc4 Qe1+ 44. Kh2 Qe6 45. Bg4 Qd5 46. Qxa6 Bxg4 47. hxg4 b3 48. Qa7 Re8 49. Ne3 Qe5+ 50. g3 b2 51. Qa3+ Kg8 52. Qb3 c6 53. Nf5 Rb8 54. Nh6+ Kg7 55. Qxf7+ Kxh6 56. f4 Qe2+ 57. Kh3 Qf1+ 58. Kh2 Qf2+ 59. Kh3 Qf1+ 60. Kh2 Qf2+ 61. Kh3 Qf1+ 62. Kh2 Qe2+ 63. Kh3 1/2-1/2

[Event "FIDE WCC Blitz Women 2019"]
[Site "Moscow"]
[Date "2019.12.29"]
[Round "8.39"]
[White "Semenova, Elena"]
[Black "Druzhinina, Olga"]
[Result "1-0"]
[WhiteElo "2114"]
[BlackElo "2245"]
[Annotator "NA"]
[PlyCount "87"]
[EventDate "2019.12.29"]
[EventType "swiss"]
[EventCountry "RUS"]
[SourceTitle "playchess.com"]
[Source "ChessBase"]
[SourceQuality "1"]

1. e4 c5 2. Nf3 d6 3. d4 cxd4 4. Qxd4 Nc6 5. Bb5 Bd7 6. Qd3 a6 7. Bxc6 bxc6 8. c4 g6 9. Nc3 Bg7 10. O-O Nf6 11. h3 O-O 12. Rb1 Qc7 13. b4 h6 14. Rd1 Be6 15. Bf4 c5 16. Nd5 Bxd5 17. cxd5 Nd7 18. Qd2 Kh7 19. Rdc1 Rfc8 20. Be3 c4 21. Nd4 Ne5 22. f4 Nd3 23. Rc2 Qb7 24. Nc6 Nc5 25. Rxc4 Na4 26. Rbc1 Qb5 27. Bd4 Bxd4+ 28. Qxd4 Nb6 29. R4c2 Rc7 30. Na5 Rxc2 31. Rxc2 Rc8 32. Rc6 Rb8 33. Rc7 Nd7 34. Nc6 Rb7 35. a4 Qb6 36. Qxb6 Rxb6 37. Rxd7 Kg7 38. Rxe7 Kf8 39. Rd7 a5 40. bxa5 Rb1+ 41. Kh2 Ra1 42. Rd8+ Kg7 43. a6 Rxa4 44. a7 1-0

[Event "FIDE WCC Blitz Women 2019"]
[Site "Moscow"]
[Date "2019.12.29"]
[Round "8.40"]
[White "Atalik, Ekaterina"]
[Black "Bykova, Anastasia"]
[Result "0-1"]
[WhiteElo "2211"]
[BlackElo "2107"]
[Annotator "NA"]
[PlyCount "56"]
[EventDate "2019.12.29"]
[EventType "swiss"]
[EventCountry "RUS"]
[SourceTitle "playchess.com"]
[Source "ChessBase"]
[SourceQuality "1"]

1. Nf3 d5 2. e3 Nf6 3. c4 c6 4. b3 Bg4 5. Bb2 e6 6. h3 Bh5 7. Be2 Nbd7 8. d4 Bd6 9. O-O O-O 10. Nbd2 a5 11. Ne5 Bxe2 12. Qxe2 a4 13. f3 Bb4 14. Nd3 Bxd2 15. Qxd2 Qb6 16. c5 Qb5 17. Qc2 axb3 18. axb3 b6 19. cxb6 Qxb6 20. Ba3 Rfb8 21. Rfb1 e5 22. Bc5 Nxc5 23. Nxc5 exd4 24. exd4 Qb4 25. Qd3 Rxa1 26. Rxa1 Re8 27. Kh2 h6 28. Ra7 Qb8+ 0-1

[Event "FIDE WCC Blitz Women 2019"]
[Site "Moscow"]
[Date "2019.12.29"]
[Round "8.41"]
[White "Paramzina, Anastasya"]
[Black "Nurgali, Nazerke"]
[Result "0-1"]
[WhiteElo "2203"]
[BlackElo "2075"]
[Annotator "NA"]
[PlyCount "80"]
[EventDate "2019.12.29"]
[EventType "swiss"]
[EventCountry "RUS"]
[SourceTitle "playchess.com"]
[Source "ChessBase"]
[SourceQuality "1"]

1. e4 c6 2. d4 d5 3. exd5 cxd5 4. Bd3 Nc6 5. c3 Nf6 6. Bf4 g6 7. Ne2 Bg7 8. O-O O-O 9. Ng3 Nd7 10. Bc2 e5 11. dxe5 Ndxe5 12. Nd2 Be6 13. Nb3 Nc4 14. Qc1 d4 15. Rd1 Qb6 16. Ne2 dxc3 17. Nxc3 Rfd8 18. Bh6 Rxd1+ 19. Nxd1 Nd4 20. Nxd4 Qxd4 21. Bxg7 Kxg7 22. b3 Nd6 23. Ne3 Rc8 24. Qe1 Qc3 25. Qf1 Qb2 26. Rd1 Ne8 27. Qd3 Nf6 28. f4 Rc3 29. Qd2 Rxe3 30. Qxe3 Qxc2 31. Re1 Qc6 32. h3 a6 33. g4 b6 34. Qe5 Qc5+ 35. Qxc5 bxc5 36. Rc1 Ne4 37. Kf1 f5 38. g5 Kf7 39. Ke2 Ke7 40. Ke3 Kd6 0-1